| 000 | 00492nam a2200133 a 4500 | ||
|---|---|---|---|
| 008 | 120416s1974 ||||||||||||||||| || u | ||
| 050 | _aDT 448.25.N9 Smi | ||
| 100 | _aSmith, William Edgett | ||
| 245 | 1 | 0 | _aNyerere of Tanzania |
| 260 |
_aNairobi _bTrans Africa Publishers _c1974 |
||
| 300 | _aviii, 207p. : ill. | ||
| 350 | _a0.00 | ||
| 995 |
_D0.00 _FCBU-MAIN LIBRARY (Kitwe) _H1 _I700.00 _UAVAILABLE _ZMain Library Open Access Collection |
||
| 999 |
_c52456 _d52456 |
||